Biology today and tomorrow with physiology / (رقم التسجيلة. 31310)

تفاصيل مارك
000 -الفاتح
حقل البيانات ثابتة الطول 01041nam a22003495a 4500
001 - رقم الضبط
رقم الضبط 17158942
003 - محدد رقم الضبط
رقم الضبط OSt
005 - وقت وتاريخ اخر تعامل مع التسجيلة
رقم الضبط 20150408114143.0
008 - عناصر البيانات ثابتة الطول - معلومات عامة
حقل البيانات ثابتة الطول 120210s2012 cau a | b 001 0 eng
010 ## - رقم ضبط مكتبة الكونجرس
رقم ضبط مكتبة الكونجرس 2012933002
020 ## - الرقم الدولى المعيارى للكتب
الرقم الدولى المعيارى للكتاب 9781133364450
020 ## - الرقم الدولى المعيارى للكتب
الرقم الدولى المعيارى للكتاب 9781133590903
020 ## - الرقم الدولى المعيارى للكتب
الرقم الدولى المعيارى للكتاب 9781133590835
020 ## - الرقم الدولى المعيارى للكتب
الرقم الدولى المعيارى للكتاب 9781133590552
040 ## - مصدر الفهرسة
وكالة الفهرسة الأصلية DLC
وكالة النسخ DLC
042 ## - رمز التحقق
رمز التحقق pcc
082 ## - رقم تصنيف ديوى العشرى
رقم الطبعة 23
رقم التصنيف 570
رقم المادة SCB
100 1# - المدخل الرئيسى - إسم شخصى
الإسم الشخصى Starr, Cecie.
9 (RLIN) 38012
245 10 - بيان العنوان
العنوان Biology today and tomorrow with physiology /
بيان المسئوليه,etc Cecie Starr, Christine A. Evers, Lisa Starr.
250 ## - بيان الطبعة
بيان الطبعة 4th Ed.
260 ## - PUBLICATION, DISTRIBUTION, ETC. (IMPRINT)
مكان الناشر او الموزع Belmont, CA :
اسم الناشر او الموزع Brooks/Cole, Cengage Learning,
تاريخ النشر أو التوزيع 2012.
300 ## - الوصف المادى
التعداد xix, 579 p :
تفاصيل ماديه اخرى للوعاء illustrations, maps ;
أبعاد الوعاء 28 cm.
500 ## - تبصرة عامة
تبصرة عامة Includes index.
504 ## - تبصرة ببليوجرافية
تبصرة ببليوجرافية,الخ Includes bibliographical references
650 #0 - المدخل الاضافى بالموضوع-مصطلح موضوعى
مصطلح موضوعي أو اسم جغرافي كعنصر مدخل Biology.
650 #0 - المدخل الاضافى بالموضوع-مصطلح موضوعى
مصطلح موضوعي أو اسم جغرافي كعنصر مدخل Biology .
التقسيم الفرعي العام Social aspects
700 1# - المدخل الاضافى - اسم شخصى
الإسم الشخصى Evers, Christine A.
9 (RLIN) 38013
700 1# - المدخل الاضافى - اسم شخصى
الإسم الشخصى Starr, Lisa.
9 (RLIN) 38014
906 ## - عنصر بيانات محلى F, LDF (RLIN)
a 0
b ibc
c orignew
d 2
e epcn
f 20
g y-gencatlg
942 ## - عناصر المدخل الإضافي( كوها)
مصدر التصنيف او مخطط الترفيف Dewey Decimal Classification
Koha [default] item type كتاب
المقتنيات
حالة الفقد نموذج السعر الفعال حالة تلف ليس للاعارة رقم الطلب رقم النسخة تاريخ الاكتساب الموقع الحالي الباركود الفرع الرئيسي Date last seen نوع المادة فى نظام كوها مصدر التصنيف او خطة الترفيف Total Checkouts
  2013-10-17   Not For Loan 570 SCB 1 2013-10-17 المكتبة المركزية بالمجمعة (CL) 00206874 المكتبة المركزية بالمجمعة (CL) 2013-10-17 كتاب Dewey Decimal Classification  
  2013-10-17     570 SCB 2 2013-10-17 المكتبة المركزية بالمجمعة (CL) 00206875 المكتبة المركزية بالمجمعة (CL) 2013-10-17 كتاب Dewey Decimal Classification  
  2013-10-17     570 SCB 3 2013-10-17 المكتبة المركزية بالمجمعة (CL) 00206876 المكتبة المركزية بالمجمعة (CL) 2013-10-17 كتاب Dewey Decimal Classification  
  2013-10-17   Not For Loan 570 SCB 1 2013-10-17 مكتبة مجمع الكليات بالزلفى - طلاب (SZM) 00206877 مكتبة مجمع الكليات بالزلفى - طلاب (SZM) 2013-10-17 كتاب Dewey Decimal Classification  
  2013-10-17     570 SCB 2 2013-10-17 مكتبة مجمع الكليات بالزلفى - طلاب (SZM) 00206878 مكتبة مجمع الكليات بالزلفى - طلاب (SZM) 2013-10-17 كتاب Dewey Decimal Classification